[Event "AUTO-ADV-4745"]
[Site "http://www.queenalice.com/game.php?id=1825064"]
[Date "2023.11.11"]
[Round "1"]
[White "saida"]
[Black "BeatifulDevil56"]
[Result "1-0"]
[WhiteElo "1793"]
[BlackElo "1945"]

1. d4 Nf6 2. c4 d5 3. Nc3 e6 4. Nf3 dxc4 5. e4 Be7 6. Bxc4 a6 7. O-O O-O 8. e5
Nd5 9. Nxd5 exd5 10. Bb3 Be6 11. Qd3 c5 12. Bc2 g6 13. Ba4 b5 14. Bc2 Re8 15.
Ng5 Bf5 16. Qd2 Bxc2 17. Qxc2 c4 18. f4 Bxg5 19. fxg5 Re6 20. Bd2 Nc6 21. Rf4
Qe7 22. Rh4 Qb7 23. Qc3 Kg7 24. Qh3 Rh8 25. Rf4 Ne7 26. Raf1 Nf5 27. g4 Qe7 28.
gxf5 Qxg5+ 29. Kh1 gxf5 30. Rg1 Qxg1+ 31. Kxg1 Rg6+ 32. Kf2 Rg5 33. Rh4 1-0

[Event "AUTO-ADV-4745"]
[Site "http://www.queenalice.com/game.php?id=1825071"]
[Date "2023.11.11"]
[Round "1"]
[White "saida"]
[Black "Capixaba789"]
[Result "0-1"]
[WhiteElo "1801"]
[BlackElo "1826"]

1. e4 e5 2. Nf3 d6 3. d4 exd4 4. Nxd4 Nf6 5. Nc3 Be7 6. Bd3 O-O 7. O-O c5 8. Nf3
Nc6 9. Nd5 Ne5 10. Nxe5 dxe5 11. Nxe7+ Qxe7 12. Be3 b6 13. f3 Bb7 14. Bg5 Rad8
15. Qe2 Qe6 16. c4 Rd4 17. f4 Rfd8 18. f5 Qd6 19. Rad1 Bxe4 20. Bxf6 gxf6 21.
Qg4+ Kh8 22. Be2 Bxg2 23. Qxg2 Rg8 0-1

[Event "AUTO-ADV-4745"]
[Site "http://www.queenalice.com/game.php?id=1825072"]
[Date "2023.11.11"]
[Round "1"]
[White "Capixaba789"]
[Black "saida"]
[Result "0-1"]
[WhiteElo "1819"]
[BlackElo "1786"]

1. e4 c6 2. Nf3 d5 3. exd5 cxd5 4. d4 Nc6 5. Be2 e6 6. Nc3 Bb4 7. Bd2 Nf6 8. O-O
a5 9. a3 Be7 10. Re1 O-O 11. Be3 b6 12. Ne5 Qc7 13. f4 Nxe5 14. dxe5 Ne4 15.
Nxe4 dxe4 16. Bb5 Rd8 17. Qe2 Bd7 18. Bc4 Bc5 19. Ba2 Bxe3+ 20. Qxe3 Qxc2 21.
Qxe4 Qxe4 22. Rxe4 Bb5 23. h3 Rd2 24. b3 Rad8 25. a4 Bc6 0-1

[Event "AUTO-ADV-4730"]
[Site "http://www.queenalice.com/game.php?id=1829226"]
[Date "2024.1.13"]
[Round "2"]
[White "saida"]
[Black "chessman"]
[Result "1-0"]
[WhiteElo "1815"]
[BlackElo "1955"]

1. e4 e6 2. d4 d5 3. exd5 exd5 4. Nf3 c6 5. Qe2+ Qe7 6. Bg5 Qxe2+ 7. Bxe2 Be7 8.
Bxe7 Nxe7 9. O-O O-O 10. Re1 Bf5 11. c3 Be4 12. Ng5 Bg6 13. Nd2 Nc8 14. c4 dxc4
15. Bxc4 Nb6 16. Bb3 Na6 17. Re7 Nd5 18. Rxb7 h6 19. Ngf3 Rfe8 20. Ne5 1-0

[Event "AUTO-ADV-4730"]
[Site "http://www.queenalice.com/game.php?id=1829227"]
[Date "2024.1.13"]
[Round "2"]
[White "chessman"]
[Black "saida"]
[Result "1-0"]
[WhiteElo "1962"]
[BlackElo "1839"]

1. e4 c6 2. d4 d5 3. Nc3 dxe4 4. Nxe4 Nf6 5. Nxf6+ exf6 6. Nf3 Be7 7. Bc4 O-O 8.
O-O Re8 9. c3 b5 10. Bb3 a5 11. a3 a4 12. Ba2 Be6 13. Bxe6 fxe6 14. Re1 Bd6 15.
Be3 Nd7 16. Qc2 e5 17. dxe5 fxe5 18. c4 Nc5 19. Bxc5 Bxc5 20. cxb5 Ba7 21. bxc6
Qf6 22. Qe4 Rac8 23. Qxa4 Ra8 24. Qc4+ Kf8 25. Re4 Rac8 26. Rc1 Re7 27. b4 Rec7
28. b5 Bd4 29. Nxd4 exd4 30. Qxd4 Qxd4 31. Rxd4 Ke7 32. a4 Rb8 33. Re1+ Kf7 34.
h3 Re8 35. Rxe8 Kxe8 36. Rd7 Rxd7 37. cxd7+ Kxd7 38. a5 1-0

[Event "AUTO-ADV-4730"]
[Site "http://www.queenalice.com/game.php?id=1829228"]
[Date "2024.1.13"]
[Round "2"]
[White "saida"]
[Black "Rafale2000"]
[Result "0-1"]
[WhiteElo "1848"]
[BlackElo "2019"]

1. d4 Nf6 2. Nc3 d5 3. Nf3 Bf5 4. Bf4 e6 5. e3 Bb4 6. Be2 O-O 7. O-O c5 8. Nb5
a6 9. Nc3 Nc6 10. a3 cxd4 11. exd4 Bd6 12. Bxd6 Qxd6 13. Nh4 Bg6 14. Nxg6 fxg6
15. Na4 Ne4 16. f3 Ng5 17. c4 dxc4 18. Bxc4 Qxd4+ 19. Qxd4 Nxd4 20. f4 Ne4 21.
Rad1 Rfd8 22. g4 Nf3+ 23. Kg2 Nd4 24. Ba2 Rac8 25. Rxd4 Rc2+ 26. Kg1 Rxd4 0-1

[Event "AUTO-ADV-4730"]
[Site "http://www.queenalice.com/game.php?id=1829229"]
[Date "2024.1.13"]
[Round "2"]
[White "Rafale2000"]
[Black "saida"]
[Result "1-0"]
[WhiteElo "2009"]
[BlackElo "1858"]

1. e4 c5 2. c3 Nc6 3. d4 cxd4 4. cxd4 e6 5. Nc3 d5 6. exd5 exd5 7. Nf3 Nf6 8.
Bb5 Be7 9. O-O O-O 10. Bf4 a6 11. Ba4 b5 12. Bc2 Bg4 13. Qd3 g6 14. Ne5 Nb4 15.
Qd2 Nxc2 16. Qxc2 Rc8 17. Nxg4 Nxg4 18. Qe2 Nf6 19. Rfe1 Re8 20. Rac1 Bb4 21.
Qd3 Rxe1+ 22. Rxe1 Ne4 23. Nxd5 Bxe1 24. Qxe4 Ba5 25. Ne7+ Kf8 26. Bh6+ 1-0

[Event "AUTO-ADV-4771"]
[Site "http://www.queenalice.com/game.php?id=1832642"]
[Date "2024.3.2"]
[Round "1"]
[White "maurice916"]
[Black "saida"]
[Result "1-0"]
[WhiteElo "1828"]
[BlackElo "1770"]

1. Nf3 d5 2. e3 c5 3. b3 e6 4. Bb2 Nf6 5. c4 Nc6 6. cxd5 exd5 7. Bb5 Be7 8. Ne5
O-O 9. Nxc6 bxc6 10. Bxc6 Rb8 11. Nc3 Qd6 12. Ba4 c4 13. O-O Ne4 14. Nxe4 Qg6
15. Ng3 Bf6 16. Bxf6 Qxf6 17. bxc4 Rb4 18. Bc6 Qxc6 19. cxd5 Qxd5 20. d4 Be6 21.
a3 Rb3 22. a4 Rfb8 23. Qc2 Qc4 24. Qxc4 Bxc4 25. Rfc1 Be6 26. a5 Rb2 27. h3 g6
28. Ne4 f5 29. Nc5 Bd5 30. Nd3 Be4 31. Nxb2 Rxb2 32. Rc8+ Kg7 33. Rc7+ Kh6 34.
Rxa7 Rb1+ 35. Rxb1 Bxb1 36. a6 Bd3 37. Ra8 Be4 38. Rd8 g5 39. a7 1-0

[Event "AUTO-ADV-4771"]
[Site "http://www.queenalice.com/game.php?id=1832643"]
[Date "2024.3.2"]
[Round "1"]
[White "saida"]
[Black "maurice916"]
[Result "0-1"]
[WhiteElo "1814"]
[BlackElo "1823"]

1. e4 c6 2. d4 d5 3. e5 Bf5 4. Bd3 Bxd3 5. Qxd3 e6 6. Nf3 Nd7 7. O-O Bb4 8. a3
Ba5 9. b4 Bc7 10. Ng5 Qe7 11. Nxh7 Qh4 12. Qh3 Qxh3 13. gxh3 Rxh7 14. Kg2 f5 15.
exf6 Ngxf6 16. Re1 Kf7 17. Re3 g5 18. Bb2 Nh5 19. Nd2 Nf4+ 20. Kf1 Rxh3 21. Rxh3
Nxh3 22. Nf3 Bd8 23. Bc1 Kg6 24. Kg2 g4 25. Be3 gxf3+ 26. Kxh3 Bc7 27. Rg1+ Kh7
28. Rg5 Nf6 29. a4 Rg8 30. Rxg8 Kxg8 31. Kh4 Bxh2 0-1

[Event "AUTO-ADV-4771"]
[Site "http://www.queenalice.com/game.php?id=1832654"]
[Date "2024.3.2"]
[Round "1"]
[White "peonaislado"]
[Black "saida"]
[Result "1-0"]
[WhiteElo "1707"]
[BlackElo "1754"]

1. d4 d5 2. c4 c6 3. Nf3 g6 4. Nc3 Bg7 5. e3 Nf6 6. Bd3 O-O 7. O-O Na6 8. a3 Be6
9. b3 dxc4 10. bxc4 Rb8 11. Ne4 Nxe4 12. Bxe4 Bxc4 13. Bd3 Bxd3 14. Qxd3 Nc5 15.
Qc2 b6 16. Bb2 Ne6 17. Qxc6 Qc7 18. Qe4 Rbc8 19. Rac1 Qb8 20. h3 Nc5 21. Qb1 Ne6
22. Ne5 Bxe5 23. dxe5 Rfd8 24. Rxc8 Rxc8 25. e4 Rc5 26. f4 Qc8 27. f5 gxf5 28.
exf5 Ng7 29. f6 exf6 30. exf6 Nh5 31. Qe1 Rc2 32. Qb1 Qc5+ 33. Kh2 Qd6+ 34. Kg1
1-0

[Event "AUTO-ADV-4771"]
[Site "http://www.queenalice.com/game.php?id=1832655"]
[Date "2024.3.2"]
[Round "1"]
[White "saida"]
[Black "peonaislado"]
[Result "0-1"]
[WhiteElo "1792"]
[BlackElo "1630"]

1. e4 c5 2. Nf3 d6 3. d4 cxd4 4. Nxd4 Nf6 5. Nc3 Nc6 6. Bb5 Bd7 7. O-O e5 8.
Nxc6 bxc6 9. Ba4 Be7 10. Bg5 O-O 11. h4 Rb8 12. Bb3 a5 13. a4 h6 14. Bxf6 Bxf6
15. g3 Bxh4 16. Kg2 Bg5 17. Qxd6 Bh3+ 0-1

[Event "AUTO-ADV-4771"]
[Site "http://www.queenalice.com/game.php?id=1832660"]
[Date "2024.3.2"]
[Round "1"]
[White "RaulSoft2"]
[Black "saida"]
[Result "1-0"]
[WhiteElo "2141"]
[BlackElo "1756"]

1. d4 Nf6 2. c4 e6 3. g3 d5 4. Bg2 Be7 5. Nf3 O-O 6. O-O c5 7. dxc5 Bxc5 8. cxd5
Nxd5 9. Qc2 Bb6 10. Na3 Bd7 11. Ng5 g6 12. Ne4 Kg7 13. Nc4 Nc6 14. Rd1 Ncb4 15.
Qd2 Ba4 16. b3 Bb5 17. a3 Nc6 18. Qh6+ Kh8 19. Nxb6 axb6 20. Ng5 Nf6 21. Bb2 Qe7
22. Qxh7# 1-0

[Event "AUTO-ADV-4771"]
[Site "http://www.queenalice.com/game.php?id=1832661"]
[Date "2024.3.2"]
[Round "1"]
[White "saida"]
[Black "RaulSoft2"]
[Result "0-1"]
[WhiteElo "1798"]
[BlackElo "2039"]

1. d4 d5 2. c4 e6 3. Nc3 Nf6 4. Bg5 Be7 5. e3 h6 6. Bh4 O-O 7. Bd3 dxc4 8. Bxc4
a6 9. Nf3 b5 10. Bb3 Bb7 11. O-O c5 12. Bxf6 Bxf6 13. Ne4 Bxe4 14. dxc5 Bxb2 15.
Rb1 Bxb1 16. Qxb1 Bf6 0-1

[Event "AUTO-ADV-4794"]
[Site "http://www.queenalice.com/game.php?id=1838655"]
[Date "2024.6.16"]
[Round "1"]
[White "Capixaba789"]
[Black "saida"]
[Result "1-0"]
[WhiteElo "1868"]
[BlackElo "1736"]

1. e4 e6 2. d4 d5 3. exd5 exd5 4. Nf3 Nf6 5. Bd3 Be7 6. O-O O-O 7. Nc3 Nc6 8.
Bg5 Bg4 9. Be2 Re8 10. Re1 h6 11. Be3 Bb4 12. a3 Ba5 13. b4 Bb6 14. Na4 a5 15.
Nxb6 cxb6 16. c3 Ne4 17. Qc1 axb4 18. axb4 Rxa1 19. Qxa1 Nxc3 20. Qxc3 Qf6 21.
h3 Be6 22. b5 Na5 23. Bd1 Rc8 24. Qd3 Nc4 25. Bc2 g6 26. Bxh6 Bf5 27. Qd1 Kh7
28. Bxf5 gxf5 29. Bg5 Qg6 30. Bf4 Rg8 31. Ng5+ Kg7 32. Re7 Kf8 33. Rxf7+ Ke8 34.
Rxb7 1-0

[Event "AUTO-ADV-4794"]
[Site "http://www.queenalice.com/game.php?id=1838656"]
[Date "2024.6.16"]
[Round "1"]
[White "saida"]
[Black "Capixaba789"]
[Result "0-1"]
[WhiteElo "1708"]
[BlackElo "1831"]

1. e4 e5 2. Bc4 Nc6 3. Nf3 Be7 4. O-O Nf6 5. Nc3 Nd4 6. Nxd4 exd4 7. Nd5 Nxd5 8.
exd5 O-O 9. Re1 d6 10. c3 Bf6 11. d3 Bf5 12. Qf3 Bg6 13. Bd2 a6 14. Bb3 Re8 15.
Rxe8+ Qxe8 16. Re1 Qd8 17. c4 Be5 18. Bf4 f6 19. Qg4 Qe8 20. Bc2 Qf7 21. Bxe5
fxe5 22. Rf1 Rf8 23. Qe2 Kh8 24. b4 Qf4 25. Ba4 h6 26. b5 axb5 27. Bxb5 Qf5 28.
g4 Qxd3 29. Qxd3 Bxd3 30. Rd1 e4 31. Kg2 Rf3 32. Bd7 b6 33. a4 Rf8 34. Bb5 g5
35. Ra1 Bc2 36. Ra2 d3 37. a5 d2 38. Rxc2 d1=Q 0-1

[Event "AUTO-ADV-4794"]
[Site "http://www.queenalice.com/game.php?id=1838671"]
[Date "2024.6.16"]
[Round "1"]
[White "MHRangel"]
[Black "saida"]
[Result "1-0"]
[WhiteElo "1848"]
[BlackElo "1681"]

1. d4 Nf6 2. c4 e6 3. Bg5 Be7 4. Nf3 Ne4 5. Bxe7 Qxe7 6. e3 Qb4+ 7. Nbd2 Qxb2 8.
Nxe4 Qb4+ 9. Nfd2 Nc6 10. Be2 d5 11. cxd5 exd5 12. Ng5 O-O 13. O-O f6 14. Nxh7
Kxh7 15. Bd3+ g6 16. Nb3 b6 17. h4 Rh8 18. h5 Qd6 19. Bxg6+ Kg7 20. Qf3 Ba6 21.
Rfc1 Ne7 22. Qg4 Nxg6 23. Qxg6+ Kf8 24. Nd2 Rg8 25. Qh6+ Rg7 26. Nf3 f5 27. Qh8+
Rg8 28. Qe5 Qd7 29. h6 Qh7 30. Rxc7 Qxh6 31. Qe7# 1-0

[Event "AUTO-ADV-4794"]
[Site "http://www.queenalice.com/game.php?id=1838672"]
[Date "2024.6.16"]
[Round "1"]
[White "saida"]
[Black "MHRangel"]
[Result "0-1"]
[WhiteElo "1672"]
[BlackElo "1857"]

1. e4 c5 2. Nf3 g6 3. d4 Bg7 4. Bc4 Nf6 5. Nc3 O-O 6. O-O a6 7. a3 b5 8. Be2 b4
9. axb4 cxb4 10. Nd5 Nxd5 11. exd5 Bb7 12. d6 e6 13. Bg5 f6 14. Bd2 Qb6 15. Bf4
g5 16. Bg3 g4 17. Nh4 Nc6 18. Bxg4 f5 19. Bf3 Nxd4 20. Bxb7 Qxb7 21. Nf3 Nxf3+
22. gxf3 Bxb2 23. Ra2 Bc3 24. Qd3 a5 25. Qe3 Rf7 26. Be5 Bxe5 27. Qxe5 Rg7+ 0-1

[Event "AUTO-ADV-4794"]
[Site "http://www.queenalice.com/game.php?id=1838681"]
[Date "2024.6.16"]
[Round "1"]
[White "zmanomega"]
[Black "saida"]
[Result "1-0"]
[WhiteElo "1688"]
[BlackElo "1725"]

1. e4 c5 2. Bc4 e6 3. d4 cxd4 4. Qxd4 Nc6 5. Qe3 Nb4 6. Bb3 b6 7. Bd2 a5 8. c3
Nc6 9. a3 Bc5 10. Qf4 Nf6 11. Be3 O-O 12. Nd2 Bb7 13. Qg3 Re8 14. Ne2 d5 15.
exd5 exd5 16. Nd4 Nxd4 17. cxd4 Bd6 18. Qf3 Ba6 19. Bxd5 Rc8 20. b3 Rc2 21. Nc4
Nxd5 22. O-O Nxe3 23. fxe3 Bxc4 24. bxc4 Rxc4 25. Qxf7+ 1-0

[Event "AUTO-ADV-4794"]
[Site "http://www.queenalice.com/game.php?id=1838682"]
[Date "2024.6.16"]
[Round "1"]
[White "saida"]
[Black "zmanomega"]
[Result "0-1"]
[WhiteElo "1697"]
[BlackElo "1698"]

1. d4 d5 2. c4 Nf6 3. Nc3 e6 4. Nf3 Bb4 5. Bd2 dxc4 6. e4 Nc6 7. Bg5 Na5 8. Qa4+
Nc6 9. e5 O-O 10. Qc2 a6 11. exf6 h6 12. fxg7 hxg5 13. O-O-O Kxg7 14. d5 exd5
15. a3 Bc5 16. Qd2 f6 17. h4 g4 18. Ng1 Be6 19. h5 Kf7 20. Qh6 Bxf2 21. Qg6+ Ke7
22. Ne4 Be3+ 23. Kb1 Nd4 24. h6 Qe8 25. Qxe8+ Rfxe8 26. Nc5 b5 27. Re1 Bf5+ 28.
Ka2 Kf7 29. g3 Nc2 30. Re2 Bxc5 31. Rxc2 Bxc2 0-1

[Event "AUTO-OPEN-4581"]
[Site "http://www.queenalice.com/game.php?id=1853746"]
[Date "2025.3.12"]
[Round "1"]
[White "alvm"]
[Black "saida"]
[Result "1-0"]
[WhiteElo "2065"]
[BlackElo "1657"]

1. d4 Nf6 2. c4 e6 3. Nf3 d5 4. Bg5 Be7 5. e3 O-O 6. Nc3 Nc6 7. cxd5 exd5 8. Bd3
Bg4 9. h3 Be6 10. O-O Qd7 11. Re1 h6 12. Bh4 a6 13. Rc1 g5 14. Bg3 Bb4 15. a3
Bd6 16. Bxd6 Qxd6 17. e4 dxe4 18. Nxe4 Nxe4 19. Bxe4 Bd7 20. Bb1 g4 21. Qd3 gxf3
22. Qh7# 1-0

[Event "AUTO-OPEN-4581"]
[Site "http://www.queenalice.com/game.php?id=1853747"]
[Date "2025.3.12"]
[Round "1"]
[White "saida"]
[Black "alvm"]
[Result "0-1"]
[WhiteElo "1659"]
[BlackElo "2052"]

1. e4 c6 2. d4 d5 3. exd5 cxd5 4. Nf3 Nc6 5. Bb5 Nf6 6. Ne5 Qc7 7. Nc3 e6 8.
Nxc6 bxc6 9. Ba4 Bd6 10. O-O O-O 11. Ne2 c5 12. c3 Ba6 13. Re1 Bxh2+ 14. Kh1 Bd6
15. dxc5 Bxc5 16. Kg1 Ne4 17. Bf4 Bxf2+ 18. Kf1 Qxf4 0-1

[Event "AUTO-OPEN-4581"]
[Site "http://www.queenalice.com/game.php?id=1853788"]
[Date "2025.3.12"]
[Round "1"]
[White "kubinet"]
[Black "saida"]
[Result "1-0"]
[WhiteElo "2047"]
[BlackElo "1653"]

1. e4 e5 2. Nf3 Nc6 3. Bb5 Nf6 4. O-O a6 5. Ba4 Bc5 6. c3 O-O 7. d4 exd4 8. cxd4
b5 9. dxc5 bxa4 10. Nc3 Re8 11. Bg5 d6 12. cxd6 cxd6 13. Nd5 Bg4 14. Qd3 Rb8 15.
Bxf6 gxf6 16. h3 Be6 17. Qc3 Ne5 18. Nd4 Bxd5 19. exd5 Qb6 20. Qg3+ Ng6 21. Nf5
Kf8 22. Rab1 Rbd8 23. b3 Qc5 24. Qf3 1-0

[Event "AUTO-OPEN-4581"]
[Site "http://www.queenalice.com/game.php?id=1853789"]
[Date "2025.3.12"]
[Round "1"]
[White "saida"]
[Black "kubinet"]
[Result "0-1"]
[WhiteElo "1655"]
[BlackElo "2045"]

1. e4 c5 2. Nf3 Nc6 3. d4 cxd4 4. Nxd4 Nf6 5. Nxc6 bxc6 6. Bd3 d6 7. O-O g6 8.
Re1 Bg7 9. Bd2 O-O 10. Bc3 a5 11. Nd2 Ba6 12. Nf3 Qc7 13. e5 Nd5 14. exd6 exd6
15. Bxg7 Kxg7 16. c4 Nf4 17. Qc2 Nxd3 18. Qxd3 Rad8 19. Qd4+ Kg8 20. Qh4 Kg7 21.
b3 h5 22. Ng5 d5 23. Qd4+ Kg8 24. Re3 dxc4 25. Qe4 cxb3 0-1